[Event "Challenge"]
[Site "http://www.queenalice.com/game.php?id=1502599"]
[Date "2017.11.8"]
[Round "-"]
[White "chesscloud"]
[Black "marieclaire"]
[Result "1-0"]
[WhiteElo "1142"]
[BlackElo "1341"]

1. e4 e5 2. Nf3 Nc6 3. Nc3 d6 4. d4 Be7 5. d5 Bg4 6. dxc6 bxc6 7. h3 Bd7 8. Be2
Nf6 9. Bg5 O-O 10. Qd2 Rb8 11. b3 c5 12. Bxf6 Bxf6 13. a4 c6 14. Qxd6 Rb4 15.
Qxc5 Qa8 16. Qxb4 Rb8 17. Qd6 Rd8 18. Nxe5 Bxh3 19. Qxc6 Qb8 20. Nd3 Rc8 21. Qb5
Bd7 22. Qxd7 Rc7 23. Qd6 1-0

[Event "Challenge"]
[Site "http://www.queenalice.com/game.php?id=1502708"]
[Date "2017.11.8"]
[Round "-"]
[White "chesscloud"]
[Black "AntoniusBlock"]
[Result "0-1"]
[WhiteElo "1209"]
[BlackElo "1240"]

1. e4 e5 2. d4 f6 3. d5 d6 4. Nc3 c6 5. Bc4 Ne7 6. dxc6 Nbxc6 7. a3 Na5 8. Bb5+
Nec6 9. Bxc6+ bxc6 10. Nge2 Ba6 11. b4 Nc4 12. O-O g6 13. Re1 Bg7 14. h3 O-O 15.
Ng3 d5 16. exd5 cxd5 17. Nxd5 Qb8 18. Nf5 gxf5 19. Ne7+ Kf7 20. Qd7 Rd8 21. Nc6+
Rxd7 0-1

[Event "Challenge"]
[Site "http://www.queenalice.com/game.php?id=1502709"]
[Date "2017.11.8"]
[Round "-"]
[White "chesscloud"]
[Black "sunking1"]
[Result "0-1"]
[WhiteElo "1148"]
[BlackElo "1452"]

1. e4 e5 2. Nf3 Nf6 3. Nc3 d5 4. exd5 Nxd5 5. Nxe5 c6 6. Qf3 Qe7 7. d4 Nd7 8.
Bg5 f6 9. Nxd5 cxd5 10. O-O-O Qb4 11. Nxd7 Bxd7 12. Bd2 Qa4 13. Re1+ Be7 14.
Qxd5 Rc8 15. Bd3 a6 16. Qxb7 Qxa2 17. Qxa6 Qxa6 18. Bxa6 Ra8 19. Rxe7+ Kxe7 20.
Re1+ Kf7 21. Bc4+ Kg6 22. c3 Rhc8 23. Bd3+ Kf7 24. Kc2 Ba4+ 25. b3 Bc6 26. Be4
Ra2+ 27. Kd3 Bb5+ 28. c4 Ba6 29. Bd5+ Kg6 30. Re6 Ra3 0-1

[Event "Challenge"]
[Site "http://www.queenalice.com/game.php?id=1502710"]
[Date "2017.11.8"]
[Round "-"]
[White "chesscloud"]
[Black "Baby_Chess_91"]
[Result "0-1"]
[WhiteElo "1538"]
[BlackElo "1209"]

1. e4 e5 2. Nf3 Nc6 3. Nc3 Bc5 4. Bb5 Nf6 5. Bxc6 dxc6 6. Nxe5 Qe7 7. f4 Be6 8.
d4 Bb6 9. Be3 O-O 10. Qd3 Qb4 11. b3 Qa3 12. O-O Rfd8 13. Nc4 Qa6 14. Nxb6 Qxb6
15. d5 Qa5 16. a4 cxd5 17. e5 d4 18. Qb5 Qxc3 19. exf6 Qxe3+ 20. Rf2 d3 21. Qe5
Qb6 22. a5 Qb4 23. fxg7 d2 24. Rd1 Bg4 25. Rdxd2 Rxd2 26. f5 f6 27. Qxf6 Rd1+
28. Rf1 Qd2 29. Qf7+ Kxf7 30. g8=Q+ Kxg8 31. f6 Qe2 32. f7+ Kf8 33. Rxd1 Qxd1+
34. Kf2 Qe2+ 35. Kg3 Rd8 0-1

[Event "Revanche"]
[Site "http://www.queenalice.com/game.php?id=1502951"]
[Date "2017.11.10"]
[Round "-"]
[White "jbugg"]
[Black "chesscloud"]
[Result "1-0"]
[WhiteElo "1346"]
[BlackElo "1295"]

1. e4 e5 2. Nf3 Nf6 3. Nc3 Nc6 4. Bc4 Nd4 5. Ng5 Ne6 6. Nxe6 dxe6 7. Qf3 Bd7 8.
Qg3 Bc6 9. O-O Nxe4 10. Nxe4 Bxe4 11. Qxe5 Bf5 12. c3 Qd6 13. Qb5+ Qc6 14. Qxc6+
bxc6 15. d4 c5 16. d5 Bd6 17. Re1 O-O 18. dxe6 Rae8 19. exf7+ Rxf7 20. Rxe8+ Bf8
21. Bxf7+ Kxf7 22. Re5 Bd3 23. Rd5 Bb5 24. Be3 Bc4 25. Rf5+ Kg8 26. Bxc5 Kh8 27.
b3 1-0

[Event "Challenge"]
[Site "http://www.queenalice.com/game.php?id=1503087"]
[Date "2017.11.11"]
[Round "-"]
[White "chesscloud"]
[Black "jbugg"]
[Result "0-1"]
[WhiteElo "1208"]
[BlackElo "1368"]

1. e4 e5 2. Nf3 Nc6 3. Nc3 Nf6 4. a3 Bc5 5. Bb5 a6 6. Bxc6 Ng4 7. Bxb7 Bxb7 8.
d4 exd4 9. Nxd4 Ne5 10. f3 O-O 11. b4 Bd6 12. Nf5 Qf6 13. Nxd6 cxd6 14. Bb2 Nc4
15. Nd5 Qxb2 16. Ne7+ Kh8 17. O-O Ne3 18. Qxd6 Nxf1 19. Rxf1 Qxc2 20. Nc8 Raxc8
21. h3 Rfe8 22. Qxd7 Bc6 23. e5 Bxd7 24. Rc1 Qb2 0-1

[Event "Challenge"]
[Site "http://www.queenalice.com/game.php?id=1503457"]
[Date "2017.11.13"]
[Round "-"]
[White "jbugg"]
[Black "chesscloud"]
[Result "0-1"]
[WhiteElo "1395"]
[BlackElo "1160"]

1. e4 e5 2. Nf3 Nf6 3. Nc3 Nc6 4. Bc4 d6 5. Ng5 Nd5 6. Bxd5 Qxg5 7. O-O Bh3 8.
g3 Bxf1 9. Qxf1 Nd4 10. Qd3 Qg4 11. Bxb7 Rb8 12. Ba6 Qf3 13. Qxf3 Nxf3+ 14. Kg2
Ne1+ 15. Kg1 Nxc2 16. Rb1 Nb4 17. Bc4 d5 18. exd5 Be7 19. d3 O-O 20. a3 Nc2 21.
a4 Bb4 22. Ne4 Ba3 23. b3 Bxc1 24. Rxc1 Nd4 25. h4 Ne2+ 26. Kg2 Nxc1 27. Nc5
Rbc8 28. Nd7 Rfe8 29. Ba6 Rcd8 30. Nc5 Rxd5 31. Nb7 Nxb3 32. Bc4 c6 33. Bxd5
cxd5 34. Nd6 Rb8 35. Nf5 Kf8 36. Kh3 Nd4 37. Nd6 Rb3 38. Kg4 Rxd3 39. f4 g6 40.
Nc8 exf4 41. gxf4 f5+ 42. Kg5 Kg7 43. Nxa7 Rg3# 0-1

[Event "AUTO-INT-3296"]
[Site "http://www.queenalice.com/game.php?id=1503530"]
[Date "2017.11.13"]
[Round "1"]
[White "attib"]
[Black "chesscloud"]
[Result "1-0"]
[WhiteElo "1577"]
[BlackElo "1252"]

1. e4 e5 2. Nf3 Nf6 3. Nc3 d5 4. d3 Bb4 5. Bd2 Bxc3 6. Bxc3 d4 7. Bd2 Nc6 8. c3
Bg4 9. Be2 Bxf3 10. Bxf3 Qd7 11. Bh5 g6 12. Bf3 O-O-O 13. Bg5 Qe7 14. Bg4+ Kb8
15. Qf3 Rd6 16. O-O h6 17. Bd2 Nxg4 18. Qxg4 Qe6 19. Qd1 a6 20. a4 Na5 21. cxd4
Nb3 22. d5 Rxd5 23. Qxb3 Rdd8 24. Qc3 Rd7 25. Be3 Rhd8 26. Rac1 Qd6 27. Qc5 Qxd3
28. Qa7+ 1-0

[Event "AUTO-INT-3296"]
[Site "http://www.queenalice.com/game.php?id=1503531"]
[Date "2017.11.13"]
[Round "1"]
[White "chesscloud"]
[Black "attib"]
[Result "0-1"]
[WhiteElo "1266"]
[BlackElo "1573"]

1. e4 d5 2. e5 f6 3. d4 Nc6 4. Bb5 a6 5. Bxc6+ bxc6 6. Nf3 Bg4 7. Nbd2 fxe5 8.
dxe5 e6 9. h3 Bh5 10. g4 Bg6 11. Nb3 Be4 12. Nc5 Bxc5 13. Be3 Bb4+ 14. c3 Ba5
15. Bg5 Bxf3 16. Qxf3 Qxg5 17. O-O Qxe5 18. Rae1 Qd6 19. Kg2 Nf6 20. Qf5 O-O 21.
Rxe6 Qd7 22. Qe5 Rfe8 23. Re1 Rxe6 0-1

[Event "AUTO-INT-3296"]
[Site "http://www.queenalice.com/game.php?id=1503542"]
[Date "2017.11.13"]
[Round "1"]
[White "fabricioprado"]
[Black "chesscloud"]
[Result "1-0"]
[WhiteElo "1672"]
[BlackElo "1227"]

1. d4 d5 2. c4 Nf6 3. Nc3 e6 4. Bf4 dxc4 5. e3 Bb4 6. Qc2 O-O 7. Bxc4 Qd7 8. Nf3
Qc6 9. Bd3 g6 10. O-O Bxc3 11. bxc3 Nbd7 12. Ne5 Nxe5 13. Bxe5 Nd5 14. c4 Nb4
15. Qd2 Nxd3 16. Qxd3 f6 17. Bg3 Bd7 18. c5 Qb5 19. Qxb5 Bxb5 20. Rfb1 c6 21. a4
Bd3 22. Rxb7 Rf7 23. Rxf7 Kxf7 24. Ra3 Be4 25. f3 Bc2 26. Ra2 Bd3 27. Rb2 Ba6
28. Rb8 Rxb8 29. Bxb8 1-0

[Event "AUTO-INT-3296"]
[Site "http://www.queenalice.com/game.php?id=1503543"]
[Date "2017.11.13"]
[Round "1"]
[White "chesscloud"]
[Black "fabricioprado"]
[Result "0-1"]
[WhiteElo "1227"]
[BlackElo "1674"]

1. e4 c5 2. c4 Nc6 3. Nc3 e6 4. Nf3 Be7 5. d3 b6 6. d4 Bb7 7. d5 exd5 8. exd5
Nb8 9. Bf4 d6 10. Qd2 Nf6 11. Bd3 O-O 12. Bc2 Nbd7 13. Qd3 a6 14. Bg5 h6 15.
Bxf6 Nxf6 16. O-O Re8 17. Rfe1 Qd7 18. Re2 Bf8 19. Rxe8 Rxe8 20. Re1 Rxe1+ 21.
Nxe1 g6 22. Qf3 Bg7 23. Ne4 Nxe4 24. Qxe4 Bc8 25. Nd3 a5 26. b3 Qf5 27. Qxf5
Bxf5 28. Ne1 Bxc2 0-1

[Event "AUTO-INT-3296"]
[Site "http://www.queenalice.com/game.php?id=1503550"]
[Date "2017.11.13"]
[Round "1"]
[White "chesscloud"]
[Black "alepersichetti"]
[Result "0-1"]
[WhiteElo "1181"]
[BlackElo "1393"]

1. e4 e6 2. d4 d5 3. e5 Ne7 4. Nf3 Nf5 5. Bd3 Nc6 6. Bb5 Bd7 7. O-O Be7 8. Bxc6
Bxc6 9. Re1 O-O 10. c3 Qd7 11. Nbd2 Ba4 12. Nb3 Bxb3 13. Qxb3 c5 14. Be3 c4 15.
Qc2 b5 0-1

[Event "AUTO-INT-3296"]
[Site "http://www.queenalice.com/game.php?id=1503551"]
[Date "2017.11.13"]
[Round "1"]
[White "alepersichetti"]
[Black "chesscloud"]
[Result "1-0"]
[WhiteElo "1401"]
[BlackElo "1168"]

1. d4 d5 2. Nc3 Nc6 3. f4 f5 4. Nf3 Nf6 5. e3 e6 6. Bd3 Ne4 7. Bb5 Nxc3 8. bxc3
Bd7 9. Ne5 Nxe5 10. Bxd7+ Qxd7 11. Qh5+ g6 12. Qg5 Be7 13. Qg3 O-O-O 14. O-O Nc4
15. Qf2 a6 16. a4 1-0

[Event "The Big International Challenge"]
[Site "http://www.queenalice.com/game.php?id=1503797"]
[Date "2017.11.15"]
[Round "-"]
[White "jbugg"]
[Black "chesscloud"]
[Result "1-0"]
[WhiteElo "1414"]
[BlackElo "1227"]

1. e4 e5 2. Nf3 Nf6 3. Nc3 Nc6 4. Bc4 Bb4 5. Ng5 Qe7 6. Qf3 d5 7. exd5 Nd4 8. d6
cxd6 9. Bxf7+ Kf8 10. Qe3 Nxc2+ 11. Ke2 Nxe3 12. fxe3 h6 13. Ne6+ Bxe6 14. Bg6
Bxc3 15. dxc3 Nd7 16. Be4 d5 17. Bf3 e4 18. Bh5 Qg5 19. Rf1+ Bf5 20. h3 Qxg2+
21. Ke1 Qxh3 22. Bd1 Qg3+ 23. Rf2 1-0

[Event "Challenge"]
[Site "http://www.queenalice.com/game.php?id=1503814"]
[Date "2017.11.15"]
[Round "-"]
[White "chesscloud"]
[Black "vangogh"]
[Result "0-1"]
[WhiteElo "1243"]
[BlackElo "1501"]

1. e4 e5 2. d4 f6 3. dxe5 fxe5 4. Nf3 d6 5. Nc3 Bg4 6. h3 Bxf3 7. Qxf3 Nf6 8.
Nd5 c6 9. Nxf6+ gxf6 10. Bc4 b5 11. Be6 Qe7 12. Qh5+ Kd8 0-1

[Event "Challenge"]
[Site "http://www.queenalice.com/game.php?id=1505119"]
[Date "2017.11.23"]
[Round "-"]
[White "korchnoi"]
[Black "chesscloud"]
[Result "0-1"]
[WhiteElo "1883"]
[BlackElo "1176"]

1. e4 e5 2. Nf3 Nf6 3. Bc4 Bc5 4. d3 a6 5. a3 d5 6. exd5 Nxd5 7. Qe2 f6 8. Nxe5
fxe5 9. Qxe5+ Qe7 10. Qxe7+ Nxe7 11. Nc3 Nbc6 12. O-O Bd7 13. Bf4 O-O-O 14. Nd5
Nxd5 15. Bxd5 Nd4 0-1

[Event "AUTO-OPEN-3876"]
[Site "http://www.queenalice.com/game.php?id=1505887"]
[Date "2017.11.27"]
[Round "1"]
[White "chesscloud"]
[Black "TITAN10"]
[Result "0-1"]
[WhiteElo "1176"]
[BlackElo "2172"]

1. e4 c5 2. c4 d6 3. Nc3 Nc6 4. Nf3 g6 5. a3 Bg7 6. Qc2 Bg4 7. Be2 Nf6 8. Ng5
Nd4 9. Qa4+ Qd7 10. Qxd7+ Bxd7 11. d3 Nc2+ 0-1